| 000 | 00631nam a22001937a 4500 | ||
|---|---|---|---|
| 999 |
_c193957 _d193957 |
||
| 005 | 20221129102806.0 | ||
| 010 | _aENG-135745 | ||
| 020 |
_a9788171641581 _c800.00 |
||
| 035 | _aEN-119277 | ||
| 037 | _bDBAD/PUB | ||
| 082 | _a635.0423 | ||
| 100 | _aNath, Prem | ||
| 245 |
_aTextbook of vegetable crops/ _cby Prem Nath [and] K.R.M. Swamy |
||
| 260 |
_aPusa _bIndian Council of agricultural research _c2016 |
||
| 270 |
_aKrishi anusandhan bhawan, Pusa _bNew Delhi _e110012 |
||
| 300 |
_a476 p.. _c24cm(pbk) _bIndex, Acronym & Bibiliography |
||
| 700 |
_aSwamy, K.R.M. _eAuthor |
||
| 942 |
_2ddc _cEN _mNAT _h635.0423 |
||